| 000 | 00847nam a22001217a 4500 | ||
|---|---|---|---|
| 040 | _cRUA | ||
| 100 | _aKIMSIPHAN VANNITHAI គឹមស៊ីផាន វ៉ាន់នីថៃ | ||
| 245 | _aSTUDY ON LAND USE AND LAND COVER CHANGE IN PHNOM KHNONG PHSAR ECOTOURISM AREA IN TASAL COMMUNE, AORAL DISTRICT, KAMPONG SPEU PROVINCE សិក្សាពីបម្រែបម្រួលការប្រើប្រាស់ដី និងគម្របដីនៅតំបន់អេកូទេសចរណ៍ភ្នំខ្នងផ្សារ ឃុំតាសាល ស្រុកឪរ៉ាល់ ខេត្តកំពង់ស្ពឺ | ||
| 260 |
_aPHNOM PENH _bRUA _c2023 |
||
| 300 |
_aXII. 70P _bVIII. _c29CM |
||
| 856 | _uhttps://drive.google.com/file/d/16qmeck7alAdjgWwpdr7j6woOrFmmfOG5/view?usp=sharing | ||
| 942 | _cLMA | ||
| 999 |
_c23188 _d23188 |
||